<?xml version="1.0" encoding="UTF-8"?>
<marc:record xmlns:marc="http://www.loc.gov/MARC21/slim" type="Bibliographic">
   <marc:leader>00000pam a2200000 c 4500</marc:leader>
   <marc:controlfield tag="001">943782686</marc:controlfield>
   <marc:controlfield tag="003">DE-101</marc:controlfield>
   <marc:controlfield tag="005">20171202213154.0</marc:controlfield>
   <marc:controlfield tag="007">tu</marc:controlfield>
   <marc:controlfield tag="008">950307s1995    gw ||||| |||| 00||||ger  </marc:controlfield>
   <marc:datafield ind1=" " ind2=" " tag="015">
      <marc:subfield code="a">96,A21,2030</marc:subfield>
      <marc:subfield code="z">95,N19,0105</marc:subfield>
      <marc:subfield code="2">dnb</marc:subfield>
   </marc:datafield>
   <marc:datafield ind1="7" ind2=" " tag="016">
      <marc:subfield code="2">DE-101</marc:subfield>
      <marc:subfield code="a">943782686</marc:subfield>
   </marc:datafield>
   <marc:datafield ind1=" " ind2=" " tag="020">
      <marc:subfield code="a">9783406392122</marc:subfield>
      <marc:subfield code="c">kart. : DM 24.00, sfr 24.00, S 187.00</marc:subfield>
      <marc:subfield code="9">978-3-406-39212-2</marc:subfield>
   </marc:datafield>
   <marc:datafield ind1=" " ind2=" " tag="020">
      <marc:subfield code="a">3406392121</marc:subfield>
      <marc:subfield code="c">kart. : DM 24.00, sfr 24.00, S 187.00</marc:subfield>
      <marc:subfield code="9">3-406-39212-1</marc:subfield>
   </marc:datafield>
   <marc:datafield ind1=" " ind2=" " tag="035">
      <marc:subfield code="a">(DE-599)DNB943782686</marc:subfield>
   </marc:datafield>
   <marc:datafield ind1=" " ind2=" " tag="035">
      <marc:subfield code="a">(OCoLC)75603366</marc:subfield>
   </marc:datafield>
   <marc:datafield ind1=" " ind2=" " tag="040">
      <marc:subfield code="a">1240</marc:subfield>
      <marc:subfield code="b">ger</marc:subfield>
      <marc:subfield code="c">DE-101</marc:subfield>
      <marc:subfield code="d">9999</marc:subfield>
   </marc:datafield>
   <marc:datafield ind1=" " ind2=" " tag="041">
      <marc:subfield code="a">ger</marc:subfield>
   </marc:datafield>
   <marc:datafield ind1=" " ind2=" " tag="044">
      <marc:subfield code="c">XA-DE</marc:subfield>
   </marc:datafield>
   <marc:datafield ind1="0" ind2="4" tag="082">
      <marc:subfield code="8">1\u</marc:subfield>
      <marc:subfield code="a">952.1954044</marc:subfield>
      <marc:subfield code="q">DE-101</marc:subfield>
      <marc:subfield code="2">22/ger</marc:subfield>
   </marc:datafield>
   <marc:datafield ind1="7" ind2=" " tag="083">
      <marc:subfield code="a">950</marc:subfield>
      <marc:subfield code="q">DE-101</marc:subfield>
      <marc:subfield code="2">22sdnb</marc:subfield>
   </marc:datafield>
   <marc:datafield ind1=" " ind2=" " tag="085">
      <marc:subfield code="8">1\u</marc:subfield>
      <marc:subfield code="b">952.044</marc:subfield>
   </marc:datafield>
   <marc:datafield ind1=" " ind2=" " tag="085">
      <marc:subfield code="8">1\u</marc:subfield>
      <marc:subfield code="z">2</marc:subfield>
      <marc:subfield code="s">521954</marc:subfield>
   </marc:datafield>
   <marc:datafield ind1=" " ind2=" " tag="090">
      <marc:subfield code="a">b</marc:subfield>
   </marc:datafield>
   <marc:datafield ind1="1" ind2=" " tag="100">
      <marc:subfield code="0">(DE-588)118502751</marc:subfield>
      <marc:subfield code="0">http://d-nb.info/gnd/118502751</marc:subfield>
      <marc:subfield code="0">(DE-101)118502751</marc:subfield>
      <marc:subfield code="a">Anders, Günther</marc:subfield>
      <marc:subfield code="d">1902-1992</marc:subfield>
      <marc:subfield code="e">Verfasser</marc:subfield>
      <marc:subfield code="4">aut</marc:subfield>
   </marc:datafield>
   <marc:datafield ind1="0" ind2="0" tag="245">
      <marc:subfield code="a">Hiroshima ist überall</marc:subfield>
      <marc:subfield code="c">Günther Anders</marc:subfield>
   </marc:datafield>
   <marc:datafield ind1=" " ind2=" " tag="250">
      <marc:subfield code="a">Unveränd. Nachdr. der Orig.-Ausg</marc:subfield>
   </marc:datafield>
   <marc:datafield ind1=" " ind2=" " tag="259">
      <marc:subfield code="a">ndr</marc:subfield>
   </marc:datafield>
   <marc:datafield ind1=" " ind2="1" tag="264">
      <marc:subfield code="a">München</marc:subfield>
      <marc:subfield code="b">Beck</marc:subfield>
      <marc:subfield code="c">1995</marc:subfield>
   </marc:datafield>
   <marc:datafield ind1=" " ind2=" " tag="300">
      <marc:subfield code="a">XXXVI, 394 S.</marc:subfield>
      <marc:subfield code="b">Ill.</marc:subfield>
      <marc:subfield code="c">18 cm</marc:subfield>
   </marc:datafield>
   <marc:datafield ind1=" " ind2=" " tag="336">
      <marc:subfield code="a">Text</marc:subfield>
      <marc:subfield code="b">txt</marc:subfield>
      <marc:subfield code="2">rdacontent</marc:subfield>
   </marc:datafield>
   <marc:datafield ind1=" " ind2=" " tag="337">
      <marc:subfield code="a">ohne Hilfsmittel zu benutzen</marc:subfield>
      <marc:subfield code="b">n</marc:subfield>
      <marc:subfield code="2">rdamedia</marc:subfield>
   </marc:datafield>
   <marc:datafield ind1=" " ind2=" " tag="338">
      <marc:subfield code="a">Band</marc:subfield>
      <marc:subfield code="b">nc</marc:subfield>
      <marc:subfield code="2">rdacarrier</marc:subfield>
   </marc:datafield>
   <marc:datafield ind1="1" ind2=" " tag="490">
      <marc:subfield code="a">Beck'sche Reihe</marc:subfield>
      <marc:subfield code="v">1112</marc:subfield>
   </marc:datafield>
   <marc:datafield ind1="1" ind2="7" tag="600">
      <marc:subfield code="0">(DE-588)118502751</marc:subfield>
      <marc:subfield code="0">http://d-nb.info/gnd/118502751</marc:subfield>
      <marc:subfield code="0">(DE-101)118502751</marc:subfield>
      <marc:subfield code="a">Anders, Günther</marc:subfield>
      <marc:subfield code="d">1902-1992</marc:subfield>
      <marc:subfield code="2">gnd</marc:subfield>
   </marc:datafield>
   <marc:datafield ind1="1" ind2="7" tag="600">
      <marc:subfield code="0">(DE-588)118528475</marc:subfield>
      <marc:subfield code="0">http://d-nb.info/gnd/118528475</marc:subfield>
      <marc:subfield code="0">(DE-101)118528475</marc:subfield>
      <marc:subfield code="a">Eatherly, Claude</marc:subfield>
      <marc:subfield code="d">1918-1978</marc:subfield>
      <marc:subfield code="2">gnd</marc:subfield>
   </marc:datafield>
   <marc:datafield ind1="1" ind2="7" tag="600">
      <marc:subfield code="0">(DE-588)118502751</marc:subfield>
      <marc:subfield code="0">http://d-nb.info/gnd/118502751</marc:subfield>
      <marc:subfield code="0">(DE-101)118502751</marc:subfield>
      <marc:subfield code="a">Anders, Günther</marc:subfield>
      <marc:subfield code="d">1902-1992</marc:subfield>
      <marc:subfield code="2">gnd</marc:subfield>
   </marc:datafield>
   <marc:datafield ind1="1" ind2="7" tag="600">
      <marc:subfield code="0">(DE-588)118528475</marc:subfield>
      <marc:subfield code="0">http://d-nb.info/gnd/118528475</marc:subfield>
      <marc:subfield code="0">(DE-101)118528475</marc:subfield>
      <marc:subfield code="a">Eatherly, Claude</marc:subfield>
      <marc:subfield code="d">1918-1978</marc:subfield>
      <marc:subfield code="2">gnd</marc:subfield>
   </marc:datafield>
   <marc:datafield ind1=" " ind2="7" tag="648">
      <marc:subfield code="a">Geschichte 1945</marc:subfield>
      <marc:subfield code="2">gnd</marc:subfield>
   </marc:datafield>
   <marc:datafield ind1=" " ind2="7" tag="650">
      <marc:subfield code="0">(DE-588)4534105-9</marc:subfield>
      <marc:subfield code="0">http://d-nb.info/gnd/4534105-9</marc:subfield>
      <marc:subfield code="0">(DE-101)955951038</marc:subfield>
      <marc:subfield code="a">Atombombenabwurf auf Hiroshima</marc:subfield>
      <marc:subfield code="2">gnd</marc:subfield>
   </marc:datafield>
   <marc:datafield ind1=" " ind2="7" tag="655">
      <marc:subfield code="0">(DE-588)4146609-3</marc:subfield>
      <marc:subfield code="0">http://d-nb.info/gnd/4146609-3</marc:subfield>
      <marc:subfield code="0">(DE-101)041466098</marc:subfield>
      <marc:subfield code="a">Briefsammlung</marc:subfield>
      <marc:subfield code="y">1959-1961</marc:subfield>
      <marc:subfield code="2">gnd-content</marc:subfield>
   </marc:datafield>
   <marc:datafield ind1=" " ind2="7" tag="655">
      <marc:subfield code="a">Briefsammlung 1959-1961</marc:subfield>
      <marc:subfield code="2">gnd</marc:subfield>
   </marc:datafield>
   <marc:datafield ind1=" " ind2="7" tag="655">
      <marc:subfield code="a">Briefsammlung 1959-1961</marc:subfield>
      <marc:subfield code="2">gnd</marc:subfield>
   </marc:datafield>
   <marc:datafield ind1=" " ind2="7" tag="655">
      <marc:subfield code="a">Briefsammlung 1959-1961</marc:subfield>
      <marc:subfield code="2">gnd</marc:subfield>
   </marc:datafield>
   <marc:datafield ind1="0" ind2="0" tag="689">
      <marc:subfield code="0">(DE-588)4534105-9</marc:subfield>
      <marc:subfield code="0">http://d-nb.info/gnd/4534105-9</marc:subfield>
      <marc:subfield code="0">(DE-101)955951038</marc:subfield>
      <marc:subfield code="D">s</marc:subfield>
      <marc:subfield code="a">Atombombenabwurf auf Hiroshima</marc:subfield>
   </marc:datafield>
   <marc:datafield ind1="0" ind2="1" tag="689">
      <marc:subfield code="A">z</marc:subfield>
      <marc:subfield code="a">Geschichte 1945</marc:subfield>
   </marc:datafield>
   <marc:datafield ind1="0" ind2=" " tag="689">
      <marc:subfield code="5">DE-101</marc:subfield>
      <marc:subfield code="5">DE-101</marc:subfield>
   </marc:datafield>
   <marc:datafield ind1="1" ind2="0" tag="689">
      <marc:subfield code="0">(DE-588)118502751</marc:subfield>
      <marc:subfield code="0">http://d-nb.info/gnd/118502751</marc:subfield>
      <marc:subfield code="0">(DE-101)118502751</marc:subfield>
      <marc:subfield code="D">p</marc:subfield>
      <marc:subfield code="a">Anders, Günther</marc:subfield>
      <marc:subfield code="d">1902-1992</marc:subfield>
   </marc:datafield>
   <marc:datafield ind1="1" ind2="1" tag="689">
      <marc:subfield code="A">f</marc:subfield>
      <marc:subfield code="a">Briefsammlung 1959-1961</marc:subfield>
   </marc:datafield>
   <marc:datafield ind1="1" ind2=" " tag="689">
      <marc:subfield code="5">DE-101</marc:subfield>
      <marc:subfield code="5">DE-101</marc:subfield>
   </marc:datafield>
   <marc:datafield ind1="2" ind2="0" tag="689">
      <marc:subfield code="0">(DE-588)118528475</marc:subfield>
      <marc:subfield code="0">http://d-nb.info/gnd/118528475</marc:subfield>
      <marc:subfield code="0">(DE-101)118528475</marc:subfield>
      <marc:subfield code="D">p</marc:subfield>
      <marc:subfield code="a">Eatherly, Claude</marc:subfield>
      <marc:subfield code="d">1918-1978</marc:subfield>
   </marc:datafield>
   <marc:datafield ind1="2" ind2="1" tag="689">
      <marc:subfield code="A">f</marc:subfield>
      <marc:subfield code="a">Briefsammlung 1959-1961</marc:subfield>
   </marc:datafield>
   <marc:datafield ind1="2" ind2=" " tag="689">
      <marc:subfield code="5">DE-101</marc:subfield>
      <marc:subfield code="5">DE-101</marc:subfield>
   </marc:datafield>
   <marc:datafield ind1="3" ind2="0" tag="689">
      <marc:subfield code="0">(DE-588)118502751</marc:subfield>
      <marc:subfield code="0">http://d-nb.info/gnd/118502751</marc:subfield>
      <marc:subfield code="0">(DE-101)118502751</marc:subfield>
      <marc:subfield code="D">p</marc:subfield>
      <marc:subfield code="a">Anders, Günther</marc:subfield>
      <marc:subfield code="d">1902-1992</marc:subfield>
   </marc:datafield>
   <marc:datafield ind1="3" ind2="1" tag="689">
      <marc:subfield code="0">(DE-588)118528475</marc:subfield>
      <marc:subfield code="0">http://d-nb.info/gnd/118528475</marc:subfield>
      <marc:subfield code="0">(DE-101)118528475</marc:subfield>
      <marc:subfield code="D">p</marc:subfield>
      <marc:subfield code="a">Eatherly, Claude</marc:subfield>
      <marc:subfield code="d">1918-1978</marc:subfield>
   </marc:datafield>
   <marc:datafield ind1="3" ind2="2" tag="689">
      <marc:subfield code="A">f</marc:subfield>
      <marc:subfield code="a">Briefsammlung 1959-1961</marc:subfield>
   </marc:datafield>
   <marc:datafield ind1="3" ind2=" " tag="689">
      <marc:subfield code="5">DE-101</marc:subfield>
      <marc:subfield code="5">DE-101</marc:subfield>
   </marc:datafield>
   <marc:datafield ind1=" " ind2="0" tag="830">
      <marc:subfield code="a">Beck'sche Reihe</marc:subfield>
      <marc:subfield code="v">1112</marc:subfield>
      <marc:subfield code="w">(DE-101)010513507</marc:subfield>
      <marc:subfield code="w">(DE-600)58161-6</marc:subfield>
      <marc:subfield code="9">41112</marc:subfield>
      <marc:subfield code="7">as</marc:subfield>
   </marc:datafield>
   <marc:datafield ind1=" " ind2=" " tag="850">
      <marc:subfield code="a">DE-101a</marc:subfield>
      <marc:subfield code="a">DE-101b</marc:subfield>
   </marc:datafield>
   <marc:datafield ind1="r" ind2=" " tag="925">
      <marc:subfield code="a">ra</marc:subfield>
   </marc:datafield>
</marc:record>
